Problem of evil in Muslim philosophy (Record no. 2735)
[ view plain ]
| 000 -LEADER | |
|---|---|
| fixed length control field | 00974 a2200229 4500 |
| 010 ## - LIBRARY OF CONGRESS CONTROL NUMBER | |
| LC control number | ENG-85420 |
| 020 ## - INTERNATIONAL STANDARD BOOK NUMBER | |
| Terms of availability | 395.00 |
| International Standard Book Number | 8173414300 |
| 035 ## - SYSTEM CONTROL NUMBER | |
| System control number | EN-68953 |
| 037 ## - SOURCE OF ACQUISITION | |
| Source of stock number/acquisition | D.B.Act / Pub |
| 082 14 - DEWEY DECIMAL CLASSIFICATION NUMBER | |
| Classification number | 181.07 |
| 090 ## - LOCALLY ASSIGNED LC-TYPE CALL NUMBER (OCLC); LOCAL CALL NUMBER (OCLC) | |
| -- | 2788 |
| -- | 2788 |
| 100 1# - MAIN ENTRY--PERSONAL NAME | |
| Personal name | Shah, Muhammad Maroof |
| 245 1# - TITLE STATEMENT | |
| Title | Problem of evil in Muslim philosophy |
| Statement of responsibility, etc | by Muhammad Maroof Shah |
| Remainder of title | a case study of Iqbal |
| 260 ## - PUBLICATION, DISTRIBUTION, ETC. (IMPRINT) | |
| Place of publication, distribution, etc | Delhi |
| Name of publisher, distributor, etc | Indian Publishers' Distributors |
| Date of publication, distribution, etc | 2007 |
| 270 ## - ADDRESS | |
| Address | 156-D, Kamla Nagar, Delhi-110007 |
| City | Delhi |
| State or province | Delhi |
| Postal code | 110007 |
| Telephone number | 23846233, 23840715 |
| Fax number | 23846233 |
| Electronic mail address | ipd@mailandnews.com |
| 300 ## - PHYSICAL DESCRIPTION | |
| Extent | x, 188 p. |
| Dimensions | 21 cm (Hb) |
| 500 ## - GENERAL NOTE | |
| General note | Includes bibliographical references and index |
| 650 ## - SUBJECT ADDED ENTRY--TOPICAL TERM | |
| Topical term or geographic name as entry element | Muslim philosophy |
| 942 ## - ADDED ENTRY ELEMENTS (KOHA) | |
| Institution code [OBSOLETE] | dpl |
| Koha item type | English Books |
| Call number prefix | 181.07 / SHA |
| Withdrawn status | Lost status | Source of classification or shelving scheme | Damaged status | Not for loan | Collection code | Home library | Current library | Source of acquisition | Cost, normal purchase price | Total Checkouts | Full call number | Barcode | Date last seen | Copy number | Uniform Resource Identifier | Cost, replacement price | Price effective from | Koha item type | Date acquired |
|---|---|---|---|---|---|---|---|---|---|---|---|---|---|---|---|---|---|---|---|
| Dewey Decimal Classification | Not For Loan | Non-fiction | D.B.Act.Division | D.B.Act.Division | DBAD/PUB | 395.00 | 181.07 SHA | EN-68953 | 15/09/2008 | 1 | 2925 | 395.00 | 15/09/2008 | English Books | |||||
| Dewey Decimal Classification | Non-fiction | Vinoba Puri | Vinoba Puri | 395.00 | 181.07 sha | B-317778 | 05/03/2009 | 1 | 395.00 | 05/03/2009 | English Books | 05/03/2009 |
